| 000 | 01053pam a2200301 a 4500 | ||
|---|---|---|---|
| 999 |
_c50538 _d50538 |
||
| 001 | 3450737 | ||
| 005 | 20200227163226.0 | ||
| 008 | 920812m19939999flua b 001 0 eng | ||
| 010 | _a 92030906 | ||
| 020 | _a0849302552 (v. 1 : acidfree paper) | ||
| 040 |
_aDLC _cDLC _dDLC |
||
| 050 | 0 | 0 |
_aSH138 _b.C73 1993 |
| 080 | _a639(075.8) M-30 | ||
| 082 | 0 | 0 |
_a639/.8 _220 |
| 245 | 0 | 0 |
_aCRC handbook of mariculture / _cedited by James P. McVey. |
| 250 | _a2nd ed. | ||
| 264 |
_aBoca Raton : _bCRC, _cc1993- |
||
| 300 |
_a526 p.v. <1 > : _bill. ; _c27 cm. |
||
| 504 | _aIncludes bibliographical references and index. | ||
| 505 | 1 | _av. 1. Crustacean aquaculture. | |
| 650 | 0 |
_aMariculture. _97587 |
|
| 653 | _aმებაღეობა | ||
| 653 | _aსოფლის მეურნეობა | ||
| 700 | 1 |
_aMcVey, James P. _97588 |
|
| 906 |
_a7 _bcbc _corignew _d1 _eocip _f19 _gy-gencatlg |
||
| 942 |
_2udc _cBK |
||
| 955 | _apc03 to ja00 08-12-92; jb08 to CIP Div. 08-12-92; jb08 08-13-92; jb06 08-14-92; aa19 08-20-92; CIP ver. pv04 06-15-93 | ||